Дело о выдаче 5-летней привилегии верхнеудинскому 1 гильдии купцу, почетному гражданину Курбатову, на изобретенный им способ и с...

RUSMARC
00006476cbc2a2200000#x 450
001ae43c1a2-e030-4bcb-9899-6de2410ff9ab
00520221004095720.0
100##$a20131017l18481848k y0rusy0189 ca
1010#$arus
102##$aRU
251##$cДело
2250#$aФонд Департамент государственной экономии Государственного совета
$hОпись № 3
$i1848 год
324##$aПленка
801#0$aRU
$bРГИА
$c20131017
801#1$aRU
$bГлавНИВЦ
$c20131017
$2rusmarc
801#2$aRU
$bПБ им. Б.Н. Ельцина
$c20131029
$gRCR
$2rusmarc
850##$aФедеральное казенное учреждение "Российский государственный исторический архив" (РГИА)
852##$aРГИА
$j101
937##$aASBIBLIO_SCAN
$bРГИА_1152:_3:1848_101:
$d6085277
$hРГИА
2001#$aДело о выдаче 5-летней привилегии верхнеудинскому 1 гильдии купцу, почетному гражданину Курбатову, на изобретенный им способ и снаряд для приготовления пшеничных зерен к помолу
$j10 августа - 29 сентября 1848 года
215##$a19 листов
035##$aae43c1a2-e030-4bcb-9899-6de2410ff9ab
1222#$ad18480810##
$ad18480929##
1222#$ad18480812##
$ad18481004##
300##$aРукописный текст. Чернила
300##$aОригинальный заголовок дела: О привилегии почетному гражданину Курбатову на способ и снаряд для приготовления пшеничного зерна к помолу : 12 августа - 4 октября 1848 года
461#0$10010d5be7de-e8a8-41f9-ad39-4638185d5a90
$12001
$aДепартамент государственной экономии Государственного совета
$1251
$cФонд
$1852
$j1152
462#0$1001a169f9c9-b4f2-4d85-a1db-e90cb644cf38
$12001
$a1840-1849
$vД. 101
$1251
$cОпись
$1852
$j3
5171#$aО привилегии почетному гражданину Курбатову на способ и снаряд для приготовления пшеничного зерна к помолу
$e12 августа - 4 октября 1848 года
6061#$aМукомольное производство
$jДокументы и материалы
$2nlr_sh1
$3RU\NLR\AUTH\66444295
6061#$2nlr_sh
$3RU\NLR\AUTH\6601682045
$aИзобретения
$xПатентование
$yРоссия
$jДокументы и материалы
60101$2nlr_sh
$3RU\NLR\AUTH\6601644949
$aРоссия
$bДепартамент государственной экономии
$jДокументы и материалы
605##$2acquisition_Prlib
$3DITM\AF\0000002775
$aВласть
$lколлекция
605##$2acquisition_Prlib
$3DITM\AF\0000003834
$aНарод
$lколлекция
605##$2acquisition_Prlib
$3LIBNET\UAF\0000095744
$aРоссийское изобретательство: страницы истории
$lколлекция
605##$aРеспублика Бурятия: страницы истории
$lколлекция
$2acquisition_Prlib
$3LIBNET\UAF\0000013024
686##$a36.821.031-5г.ю11
$2rubbk
$vLBC/M
686##$a63.3(2)521-33ю11
$2rubbk
$vLBC/M
Формат отображения